| 000 | 00688cam a22002413a 4500 | ||
|---|---|---|---|
| 001 | 23310 | ||
| 003 | PGUSA | ||
| 005 | 20140828083509.0 | ||
| 008 | 071103s2007||||xxu|||||s|||||000 1 eng d | ||
| 040 |
_aPGUSA _beng |
||
| 042 | _adc | ||
| 050 | 4 | _aPZ | |
| 245 | 1 | 0 |
_aBird Stories and Dog Stories _h[electronic resource] / _cAnonymous |
| 260 |
_bProject Gutenberg, _c2007 |
||
| 506 | _aPublic domain in the USA. | ||
| 516 | _aElectronic text | ||
| 653 | _aDogs -- Juvenile fiction | ||
| 653 | _aConduct of life -- Juvenile literature | ||
| 653 | _aBirds -- Juvenile fiction | ||
| 830 | 0 |
_aProject Gutenberg _v23310 |
|
| 856 | 4 | 0 | _uhttp://www.gutenberg.org/ebooks/23310 |
| 942 | _cEB | ||
| 999 |
_c252565 _d252565 |
||